Engineering Statistics / (Record no. 478216)

000 -LEADER
fixed length control field 00489nam a22001817a 4500
005 - DATE AND TIME OF LATEST TRANSACTION
control field 20210921102204.0
008 - FIXED-LENGTH DATA ELEMENTS--GENERAL INFORMATION
fixed length control field 180416b ||||| |||| 00| 0 eng d
020 ## - INTERNATIONAL STANDARD BOOK NUMBER
International Standard Book Number 9788126542635
040 ## - CATALOGING SOURCE
Transcribing agency c
082 ## - DEWEY DECIMAL CLASSIFICATION NUMBER
Classification number 519.5024 MON
100 ## - MAIN ENTRY--PERSONAL NAME
Personal name Montegomery, Douglas C.
9 (RLIN) 10225
245 ## - TITLE STATEMENT
Title Engineering Statistics /
Statement of responsibility, etc. Douglas C. Montgomery and et all
250 ## - EDITION STATEMENT
Edition statement 5th ed.
260 ## - PUBLICATION, DISTRIBUTION, ETC.
Place of publication, distribution, etc. New Delhi :
Name of publisher, distributor, etc. Wiley,
Date of publication, distribution, etc. 2014.
300 ## - PHYSICAL DESCRIPTION
Extent 515 p. ;
Dimensions 26 cm.
500 ## - GENERAL NOTE
General note Paperback.
942 ## - ADDED ENTRY ELEMENTS (KOHA)
Source of classification or shelving scheme
Koha item type Book
Holdings
Withdrawn status Lost status Source of classification or shelving scheme Damaged status Not for loan Permanent Location Current Location Shelving location Date acquired Full call number Barcode Date last seen Price effective from Koha item type Public note
          School of Mechanical & Manufacturing Engineering (SMME) School of Mechanical & Manufacturing Engineering (SMME) General Stacks 04/16/2018 519.5024 MON SMME-3374 04/16/2018 04/16/2018 Book Rack,44-Shelf,2
© 2023 Central Library, National University of Sciences and Technology. All Rights Reserved.